000 00590nam a22001937a 4500
005 20251108174753.0
008 250721s2007 xx 000 0 ara d
020 _a9771438204
082 1 4 _a216.534/عبد
100 1 _aعبد المعطي، فتحي فوزي
_eمؤلف
245 1 0 _aأمهات في حياة الرسول صلى الله عليه و سلم /
264 1 _aالقاهرة :
_bنهضة مصر،
_c2007.
300 _a102ص.
650 1 7 _aالمرأة المسلمة
650 1 7 _aالأمهات
650 1 7 _aالإسلام
942 _2ddc
_cBK
999 _c117572
_d117572